00351 a2200133 4500000002500000100002200025110002200047245004300069250001900112260003000131264003000161942000700191999001900198 nam a22 7a 4500 aTiwari, Jitendra  aTiwari, Jitendra  aPhysical Education - A Key to Success  aLatest edition bKhel Sahitya Kendrac2025 bKhel Sahitya Kendrac2025 cBK c394171d394171